| 000 | 00389nam a22001337a 4500 | ||
|---|---|---|---|
| 008 | 140121b xxu||||| |||| 00| 0 eng d | ||
| 050 | _aBX870.2005I6 | ||
| 100 |
_aFrancis I _96756 |
||
| 245 |
_aFr. Antonino Spadaro S.J. interviews Pope Francis _c I. Francis |
||
| 260 |
_aNew York _bAmerica Magazine _c2013 |
||
| 300 |
_a22p.; _c26cm |
||
| 500 | _afrom internet | ||
| 942 |
_2lcc _cMONOGRAPH |
||
| 999 |
_c119597 _d119597 |
||